000 nam a22 7a 4500
999 _c7194
_d7194
008 170728b xxu||||| |||| 00| 0 eng d
100 _93770
_aEmlet R. Michael
245 _aAsperger Syndrome
260 _aAmerica
_bNew Growth Press
_c2005